00650 2200217 4500001002100000005001500021035002000036007000300056008004100059020000600100082001000106084001600116100001900132245010000151250002900251260003400280300005000314650002400364504002800388990001600416INLIS00000000000463120260512030026 a0010-0526000045ta260512 g 0 ind  a- a658.4 a658.4 ERN a0 aErnest Dichter1 aApakah Anda Seorang Manajer yang Kreatif /cErnest Dichter (Pengarang); Anas Sidik (Penerjemah) aCetakan Kedua, Juli 1993 aJakarta :bBumi Aksara,c1993 axi; 207 Hal :bIlustrasi; Teks; Tabel ;c20,5 4aManajemen Eksekutif aBibliografi Halaman 205 a00000006464